[Event "European Club Cup"]
[Site "chess24.com"]
[Date "2018.10.18"]
[Round "7"]
[White "Heinzel, Olaf"]
[Black "Georgiadis, Nico"]
[Result "1/2-1/2"]
[Board "1"]
[WhiteElo "2331"]
[WhiteTitle "IM"]
[WhiteCountry "GER"]
[WhiteFideId "4626664"]
[WhiteEloChange "5"]
[BlackElo "2526"]
[BlackTitle "GM"]
[BlackCountry "SUI"]
[BlackFideId "1300113"]
[BlackEloChange "-3"]

1. d4 {[%clk 1:30:58]} d5 {[%clk 1:30:55]} 2. Bf4 {[%clk 1:31:08]} c5 {[%clk
1:31:09]} 3. e3 {[%clk 1:31:28]} Nc6 {[%clk 1:31:31]} 4. Nf3 {[%clk 1:31:26]} Nf6
{[%clk 1:31:04]} 5. c3 {[%clk 1:30:49]} Qb6 {[%clk 1:31:01]} 6. Qb3 {[%clk
1:30:27]} c4 {[%clk 1:31:00]} 7. Qc2 {[%clk 1:30:49]} Bf5 {[%clk 1:31:22]} 8. Qc1
{[%clk 1:31:06]} Nh5 {[%clk 1:29:30]} 9. Bg3 {[%clk 1:30:39]} e6 {[%clk 1:25:07]}
10. Nbd2 {[%clk 1:28:29]} Nxg3 {[%clk 1:19:03]} 11. hxg3 {[%clk 1:28:01]} h6
{[%clk 1:18:06]} 12. e4 {[%clk 1:27:53]} Bh7 {[%clk 1:08:21]} 13. Be2 {[%clk
1:27:12]} Qc7 {[%clk 1:07:28]} 14. exd5 {[%clk 1:24:04]} exd5 {[%clk 1:07:51]}
15. O-O {[%clk 1:23:04]} Be7 {[%clk 1:07:24]} 16. Re1 {[%clk 1:23:01]} O-O {[%clk
1:07:00]} 17. Nf1 {[%clk 1:23:17]} b5 {[%clk 1:00:21]} 18. Ne3 {[%clk 1:22:38]}
Rad8 {[%clk 0:50:41]} 19. Bd1 {[%clk 1:22:43]} Be4 {[%clk 0:43:54]} 20. g4 {[%clk
0:52:31]} Bf6 {[%clk 0:29:40]} 21. Bc2 {[%clk 0:47:05]} Bxf3 {[%clk 0:25:48]} 22.
gxf3 {[%clk 0:47:28]} Bg5 {[%clk 0:22:03]} 23. Qd1 {[%clk 0:47:19]} g6 {[%clk
0:21:54]} 24. Re2 {[%clk 0:42:41]} Rd6 {[%clk 0:19:46]} 25. Qf1 {[%clk 0:41:35]}
Nd8 {[%clk 0:19:31]} 26. Rae1 {[%clk 0:41:14]} Ne6 {[%clk 0:16:01]} 27. Ng2
{[%clk 0:41:17]} Kg7 {[%clk 0:16:20]} 28. Re5 {[%clk 0:40:20]} Bf4 {[%clk
0:13:52]} 29. Nxf4 {[%clk 0:34:05]} Nxf4 {[%clk 0:14:16]} 30. R1e3 {[%clk
0:34:11]} b4 {[%clk 0:10:48]} 31. Qc1 {[%clk 0:27:38]} bxc3 {[%clk 0:07:40]} 32.
bxc3 {[%clk 0:27:51]} Qa5 {[%clk 0:08:01]} 33. a4 {[%clk 0:27:04]} Qd8 {[%clk
0:05:04]} 34. Re7 {[%clk 0:23:13]} Ne6 {[%clk 0:05:01]} 35. Rxa7 {[%clk 0:21:19]}
h5 {[%clk 0:03:44]} 36. Re5 {[%clk 0:20:04]} hxg4 {[%clk 0:03:57]} 37. Qe3 {[%clk
0:20:03]} gxf3 {[%clk 0:02:14]} 38. Qxf3 {[%clk 0:16:23]} Qf6 {[%clk 0:02:03]}
39. Qxf6+ {[%clk 0:12:52]} Kxf6 {[%clk 0:02:31]} 40. Kh2 {[%clk 0:31:42]} Rh8+
{[%clk 0:31:45]} 41. Kg2 {[%clk 0:22:32]} Rb6 {[%clk 0:29:41]} 42. a5 {[%clk
0:18:42]} Rb2 {[%clk 0:30:06]} 43. Ba4 {[%clk 0:19:02]} Nf4+ {[%clk 0:25:13]} 44.
Kg3 {[%clk 0:19:17]} Ne2+ {[%clk 0:07:36]} 45. Kg2 {[%clk 0:19:24]} Nf4+ {[%clk
0:06:44]} 46. Kg3 {[%clk 0:19:51]} Ne2+ {[%clk 0:07:11]} 47. Kg2 {[%clk 0:20:12]}
Nxc3 {[%clk 0:03:11]} 48. Be8 {[%clk 0:20:33]} Rf8 {[%clk 0:03:34]} 49. Re3
{[%clk 0:17:20]} Ne4 {[%clk 0:03:18]} 50. Rf3+ {[%clk 0:17:15]} Kg5 {[%clk
0:03:16]} 51. Bxf7 {[%clk 0:17:10]} c3 {[%clk 0:03:19]} 52. Ra6 {[%clk 0:12:18]}
Rxf2+ {[%clk 0:03:02]} 53. Rxf2 {[%clk 0:12:41]} Nxf2 {[%clk 0:03:26]} 54. Rxg6+
{[%clk 0:12:49]} Kf5 {[%clk 0:03:40]} 55. Rg3 {[%clk 0:04:32]} Ke4 {[%clk
0:03:43]} 56. Bxd5+ {[%clk 0:04:16]} Kxd4 {[%clk 0:02:35]} 57. Bb3 {[%clk
0:04:44]} Ne4 {[%clk 0:02:07]} 58. Rg7 {[%clk 0:04:17]} Rf2+ {[%clk 0:01:56]} 59.
Kh3 {[%clk 0:03:55]} Nc5 {[%clk 0:01:34]} 60. Rg4+ {[%clk 0:02:35]} Kd3 {[%clk
0:01:54]} 61. Rg3+ {[%clk 0:02:44]} Kd2 {[%clk 0:02:07]} 62. Rg2 {[%clk 0:03:01]}
Rxg2 {[%clk 0:00:50]} 63. Kxg2 {[%clk 0:03:29]} Nxb3 {[%clk 0:00:39]} 64. a6
{[%clk 0:03:57]} c2 {[%clk 0:00:57]} 65. a7 {[%clk 0:04:21]} c1Q {[%clk 0:01:22]}
66. a8Q {[%clk 0:04:38]} Qc2 {[%clk 0:01:20]} 67. Qf3 {[%clk 0:03:08]} Nd4 {[%clk
0:01:11]} 68. Qf6 {[%clk 0:02:08]} Qe4+ {[%clk 0:01:01]} 69. Kh2 {[%clk 0:02:02]}
Ke2 {[%clk 0:01:12]} 70. Kh3 {[%clk 0:01:43]} Nf3 {[%clk 0:00:48]} 71. Qb2+
{[%clk 0:01:57]} Nd2 {[%clk 0:01:00]} 72. Qf6 {[%clk 0:02:17]} Nc4 {[%clk
0:00:56]} 73. Kg3 {[%clk 0:02:16]} Qe3+ {[%clk 0:00:55]} 74. Kg4 {[%clk 0:01:30]}
Ne5+ {[%clk 0:01:11]} 75. Kf5 {[%clk 0:01:45]} Nf3 {[%clk 0:01:20]} 76. Qb2+
{[%clk 0:01:42]} Kf1 {[%clk 0:01:38]} 77. Qa1+ {[%clk 0:01:32]} Kg2 {[%clk
0:02:01]} 78. Qg7+ {[%clk 0:01:57]} Kf2 {[%clk 0:02:21]} 79. Qb2+ {[%clk
0:02:20]} Nd2 {[%clk 0:02:47]} 80. Qe5 {[%clk 0:02:11]} Qd3+ {[%clk 0:03:09]} 81.
Ke6 {[%clk 0:02:13]} Qe4 {[%clk 0:03:25]} 1/2-1/2

[Event "European Club Cup"]
[Site "chess24.com"]
[Date "2018.10.18"]
[Round "7"]
[White "Hautot, Stephane"]
[Black "Papadiamandis, Elliot"]
[Result "1-0"]
[Board "3"]
[WhiteElo "2331"]
[WhiteTitle "IM"]
[WhiteCountry "BEL"]
[WhiteFideId "202282"]
[WhiteEloChange "5"]
[BlackElo "2149"]
[BlackCountry "FRA"]
[BlackFideId "36074160"]
[BlackEloChange "-5"]

1. e4 {[%clk 1:30:56]} c5 {[%clk 1:30:47]} 2. Nf3 {[%clk 1:31:16]} d6 {[%clk
1:31:07]} 3. Bb5+ {[%clk 1:31:38]} Nd7 {[%clk 1:31:08]} 4. O-O {[%clk 1:31:53]}
Nf6 {[%clk 1:31:02]} 5. Re1 {[%clk 1:32:11]} a6 {[%clk 1:24:21]} 6. Bf1 {[%clk
1:32:27]} Qc7 {[%clk 1:22:06]} 7. c3 {[%clk 1:32:18]} e6 {[%clk 1:19:52]} 8. d4
{[%clk 1:32:30]} Be7 {[%clk 1:19:28]} 9. e5 {[%clk 1:23:35]} dxe5 {[%clk
1:19:21]} 10. dxe5 {[%clk 1:23:59]} Nd5 {[%clk 1:19:31]} 11. c4 {[%clk 1:20:20]}
Nb4 {[%clk 1:19:43]} 12. Bf4 {[%clk 1:20:22]} b6 {[%clk 1:00:47]} 13. a3 {[%clk
1:13:32]} Nc6 {[%clk 1:00:59]} 14. Nc3 {[%clk 1:13:51]} Bb7 {[%clk 0:50:50]} 15.
Nd5 {[%clk 1:08:31]} Qd8 {[%clk 0:50:36]} 16. Nxe7 {[%clk 1:08:46]} Nxe7 {[%clk
0:50:48]} 17. Qd3 {[%clk 1:06:20]} Qc7 {[%clk 0:41:15]} 18. Ng5 {[%clk 0:55:53]}
Nf5 {[%clk 0:29:45]} 19. Nxf7 {[%clk 0:53:42]} Kxf7 {[%clk 0:27:03]} 20. Qxf5+
{[%clk 0:53:59]} exf5 {[%clk 0:27:20]} 21. e6+ {[%clk 0:54:24]} Ke7 {[%clk
0:26:10]} 22. Bxc7 {[%clk 0:54:48]} Nf6 {[%clk 0:26:22]} 23. Bxb6 {[%clk
0:54:11]} Rac8 {[%clk 0:26:13]} 24. b4 {[%clk 0:52:48]} Ne4 {[%clk 0:24:43]} 25.
Rad1 {[%clk 0:51:20]} Bc6 {[%clk 0:24:28]} 26. f3 {[%clk 0:50:50]} Rb8 {[%clk
0:23:57]} 27. bxc5 {[%clk 0:33:24]} Nc3 {[%clk 0:19:17]} 28. Rd3 {[%clk 0:33:13]}
Na4 {[%clk 0:19:03]} 29. Bc7 {[%clk 0:33:33]} Rb7 {[%clk 0:18:48]} 30. Bd6+
{[%clk 0:33:48]} Kf6 {[%clk 0:19:09]} 31. Be5+ {[%clk 0:33:18]} Kg6 {[%clk
0:19:26]} 32. Rd6 {[%clk 0:32:23]} Be8 {[%clk 0:19:27]} 33. c6 {[%clk 0:29:44]}
Rc7 {[%clk 0:19:32]} 34. Rd7 {[%clk 0:27:56]} Bxd7 {[%clk 0:19:22]} 35. cxd7
{[%clk 0:28:19]} Rb7 {[%clk 0:19:11]} 36. Bd4 {[%clk 0:28:32]} Rc7 {[%clk
0:18:13]} 37. c5 {[%clk 0:28:05]} a5 {[%clk 0:16:44]} 38. c6 {[%clk 0:28:09]}
Rxc6 {[%clk 0:16:43]} 39. e7 {[%clk 0:28:27]} Rd6 {[%clk 0:17:05]} 40. e8Q+
{[%clk 0:58:48]} 1-0

[Event "European Club Cup"]
[Site "chess24.com"]
[Date "2018.10.18"]
[Round "7"]
[White "Jakubiec, Edyta"]
[Black "Tardi, Oscar"]
[Result "1-0"]
[Board "5"]
[WhiteElo "2174"]
[WhiteTitle "WIM"]
[WhiteCountry "POL"]
[WhiteFideId "1114158"]
[WhiteEloChange "4"]
[BlackElo "1931"]
[BlackCountry "FRA"]
[BlackFideId "649287"]
[BlackEloChange "-4"]

1. e4 {[%clk 1:30:49]} g6 {[%clk 1:30:24]} 2. d4 {[%clk 1:30:25]} Bg7 {[%clk
1:30:40]} 3. Nc3 {[%clk 1:28:48]} c6 {[%clk 1:29:59]} 4. f4 {[%clk 1:28:21]} d5
{[%clk 1:29:14]} 5. e5 {[%clk 1:28:41]} h5 {[%clk 1:28:43]} 6. Nf3 {[%clk
1:22:39]} Nh6 {[%clk 1:27:54]} 7. Be3 {[%clk 1:18:51]} a5 {[%clk 1:21:39]} 8. Be2
{[%clk 1:10:56]} Na6 {[%clk 1:16:51]} 9. Qd2 {[%clk 1:03:07]} Bf5 {[%clk
1:01:59]} 10. h3 {[%clk 0:58:35]} b5 {[%clk 0:56:08]} 11. O-O {[%clk 0:55:47]}
Nc7 {[%clk 0:54:09]} 12. a4 {[%clk 0:55:01]} b4 {[%clk 0:54:07]} 13. Nd1 {[%clk
0:53:10]} Rb8 {[%clk 0:53:46]} 14. Nf2 {[%clk 0:52:41]} Na8 {[%clk 0:52:01]} 15.
Nd3 {[%clk 0:44:35]} Nb6 {[%clk 0:51:13]} 16. b3 {[%clk 0:42:33]} Nd7 {[%clk
0:50:41]} 17. c3 {[%clk 0:31:18]} Qb6 {[%clk 0:45:49]} 18. cxb4 {[%clk 0:30:49]}
Bxd3 {[%clk 0:46:04]} 19. Bxd3 {[%clk 0:30:39]} Qxb4 {[%clk 0:46:27]} 20. Qxb4
{[%clk 0:26:24]} Rxb4 {[%clk 0:46:47]} 21. Rab1 {[%clk 0:25:27]} Rb7 {[%clk
0:45:08]} 22. Bd2 {[%clk 0:24:30]} Ra7 {[%clk 0:45:30]} 23. Rfc1 {[%clk 0:24:09]}
Nb8 {[%clk 0:45:43]} 24. Rc5 {[%clk 0:23:53]} e6 {[%clk 0:43:38]} 25. Rxa5 {[%clk
0:23:45]} Rb7 {[%clk 0:41:58]} 26. b4 {[%clk 0:19:41]} Bf8 {[%clk 0:41:11]} 27.
Ra8 {[%clk 0:19:06]} Kd7 {[%clk 0:39:26]} 28. a5 {[%clk 0:18:07]} Nf5 {[%clk
0:38:47]} 29. a6 {[%clk 0:16:48]} Rb6 {[%clk 0:39:01]} 30. a7 {[%clk 0:16:46]}
Na6 {[%clk 0:39:10]} 31. Rd8+ {[%clk 0:16:42]} Kxd8 {[%clk 0:39:23]} 32. a8Q+
{[%clk 0:17:06]} Nb8 {[%clk 0:39:42]} 33. b5 {[%clk 0:16:30]} c5 {[%clk 0:39:54]}
34. Ba5 {[%clk 0:16:43]} 1-0

[Event "European Club Cup"]
[Site "chess24.com"]
[Date "2018.10.18"]
[Round "7"]
[White "Bates, Richard A"]
[Black "Alsina Leal, Daniel"]
[Result "1/2-1/2"]
[Board "1"]
[WhiteElo "2374"]
[WhiteTitle "IM"]
[WhiteCountry "ENG"]
[WhiteFideId "403555"]
[WhiteEloChange "3"]
[BlackElo "2483"]
[BlackTitle "GM"]
[BlackCountry "ESP"]
[BlackFideId "2252627"]
[BlackEloChange "-2"]

1. d4 {[%clk 1:30:48]} d5 {[%clk 1:30:55]} 2. c4 {[%clk 1:31:02]} c6 {[%clk
1:31:19]} 3. Nf3 {[%clk 1:31:20]} Nf6 {[%clk 1:31:44]} 4. e3 {[%clk 1:31:24]} Bf5
{[%clk 1:32:00]} 5. Nc3 {[%clk 1:31:45]} e6 {[%clk 1:32:27]} 6. Nh4 {[%clk
1:31:46]} Be4 {[%clk 1:32:45]} 7. f3 {[%clk 1:31:15]} Bg6 {[%clk 1:33:09]} 8. Qb3
{[%clk 1:30:01]} Qc7 {[%clk 1:33:33]} 9. g3 {[%clk 1:15:14]} Be7 {[%clk 1:32:04]}
10. Bd2 {[%clk 1:15:18]} O-O {[%clk 1:31:48]} 11. Rc1 {[%clk 1:15:04]} dxc4
{[%clk 1:30:42]} 12. Bxc4 {[%clk 1:10:29]} b5 {[%clk 1:29:59]} 13. Nxg6 {[%clk
1:03:37]} hxg6 {[%clk 1:30:19]} 14. Bd3 {[%clk 1:04:01]} a6 {[%clk 1:30:42]} 15.
a4 {[%clk 1:01:40]} Nbd7 {[%clk 1:28:57]} 16. axb5 {[%clk 0:56:41]} axb5 {[%clk
1:28:25]} 17. O-O {[%clk 0:55:17]} e5 {[%clk 1:18:10]} 18. Bxg6 {[%clk 0:41:30]}
Qb6 {[%clk 0:52:13]} 19. Ne2 {[%clk 0:36:13]} c5 {[%clk 0:36:20]} 20. dxe5 {[%clk
0:25:19]} Nxe5 {[%clk 0:34:37]} 21. Bf5 {[%clk 0:24:29]} Rad8 {[%clk 0:29:09]}
22. Rcd1 {[%clk 0:21:02]} Nd5 {[%clk 0:12:12]} 23. Ba5 {[%clk 0:13:14]} Qxa5
{[%clk 0:12:37]} 24. Rxd5 {[%clk 0:13:38]} Rxd5 {[%clk 0:12:06]} 25. Qxd5 {[%clk
0:14:02]} Nc4 {[%clk 0:12:24]} 26. Bb1 {[%clk 0:02:16]} Qd2 {[%clk 0:08:55]} 27.
Qh5 {[%clk 0:00:53]} Qxe3+ {[%clk 0:07:07]} 28. Rf2 {[%clk 0:01:06]} Qh6 {[%clk
0:07:21]} 29. Qxh6 {[%clk 0:01:32]} gxh6 {[%clk 0:07:47]} 30. Nc3 {[%clk
0:00:50]} Bf6 {[%clk 0:02:06]} 31. Nxb5 {[%clk 0:01:16]} Nxb2 {[%clk 0:01:34]}
32. Re2 {[%clk 0:00:54]} c4 {[%clk 0:01:22]} 33. Bc2 {[%clk 0:00:56]} c3 {[%clk
0:00:45]} 34. Nd6 {[%clk 0:01:07]} Bd4+ {[%clk 0:00:43]} 35. Kg2 {[%clk 0:01:27]}
Rd8 {[%clk 0:00:35]} 36. Nf5 {[%clk 0:01:43]} h5 {[%clk 0:00:43]} 37. f4 {[%clk
0:01:12]} Bf6 {[%clk 0:00:52]} 38. Kf3 {[%clk 0:01:20]} Nc4 {[%clk 0:00:54]} 39.
Kf2 {[%clk 0:01:10]} Kf8 {[%clk 0:00:46]} 40. h3 {[%clk 0:31:29]} Na3 {[%clk
0:30:34]} 41. Kf3 {[%clk 0:20:47]} Rb8 {[%clk 0:27:00]} 42. Bd3 {[%clk 0:19:55]}
Rb2 {[%clk 0:23:34]} 43. Ne3 {[%clk 0:19:57]} Be7 {[%clk 0:12:07]} 44. Nc2 {[%clk
0:19:00]} Nb1 {[%clk 0:12:06]} 45. Bf5 {[%clk 0:11:16]} Nd2+ {[%clk 0:10:09]} 46.
Ke3 {[%clk 0:11:20]} Nb3 {[%clk 0:08:07]} 47. Re1 {[%clk 0:09:54]} Bc5+ {[%clk
0:07:42]} 48. Kd3 {[%clk 0:09:33]} Rxc2 {[%clk 0:03:58]} 49. Kxc2 {[%clk
0:09:57]} Nd4+ {[%clk 0:04:26]} 50. Kd3 {[%clk 0:05:23]} c2 {[%clk 0:02:44]} 51.
Be4 {[%clk 0:05:03]} Ba3 {[%clk 0:02:04]} 52. Kxd4 {[%clk 0:04:55]} c1Q {[%clk
0:02:26]} 53. Rxc1 {[%clk 0:05:20]} Bxc1 {[%clk 0:02:52]} 54. Ke5 {[%clk
0:05:37]} 1/2-1/2

[Event "European Club Cup"]
[Site "chess24.com"]
[Date "2018.10.18"]
[Round "7"]
[White "Gantner, Matthias"]
[Black "Ledger, Andrew J"]
[Result "0-1"]
[Board "2"]
[WhiteElo "2331"]
[WhiteTitle "FM"]
[WhiteCountry "SUI"]
[WhiteFideId "1310534"]
[WhiteEloChange "-9"]
[BlackElo "2353"]
[BlackTitle "IM"]
[BlackCountry "ENG"]
[BlackFideId "400610"]
[BlackEloChange "9"]

1. e4 {[%clk 1:30:53]} e6 {[%clk 1:30:41]} 2. d4 {[%clk 1:31:17]} d5 {[%clk
1:31:07]} 3. Nc3 {[%clk 1:31:40]} Nf6 {[%clk 1:31:22]} 4. e5 {[%clk 1:31:52]}
Nfd7 {[%clk 1:31:46]} 5. f4 {[%clk 1:32:17]} c5 {[%clk 1:32:07]} 6. Nf3 {[%clk
1:32:42]} Nc6 {[%clk 1:32:24]} 7. Be3 {[%clk 1:33:05]} Be7 {[%clk 1:32:30]} 8.
Qd2 {[%clk 1:29:39]} O-O {[%clk 1:32:15]} 9. Be2 {[%clk 1:25:02]} b6 {[%clk
1:31:32]} 10. O-O {[%clk 1:22:35]} f6 {[%clk 1:29:37]} 11. exf6 {[%clk 1:22:48]}
Nxf6 {[%clk 1:28:36]} 12. Bb5 {[%clk 1:12:56]} Bb7 {[%clk 1:25:35]} 13. Nd1
{[%clk 1:04:46]} Ne4 {[%clk 1:18:05]} 14. Qe1 {[%clk 1:04:55]} Nxd4 {[%clk
1:14:09]} 15. Bxd4 {[%clk 0:59:34]} cxd4 {[%clk 1:14:32]} 16. Nxd4 {[%clk
0:59:55]} Bc5 {[%clk 1:06:05]} 17. c3 {[%clk 0:59:29]} Qd6 {[%clk 0:58:13]} 18.
Qe3 {[%clk 0:45:56]} g5 {[%clk 0:56:26]} 19. g3 {[%clk 0:45:14]} gxf4 {[%clk
0:54:52]} 20. gxf4 {[%clk 0:43:13]} Rf6 {[%clk 0:49:22]} 21. Nf2 {[%clk 0:37:07]}
Qxf4 {[%clk 0:41:37]} 22. Qxf4 {[%clk 0:37:31]} Rxf4 {[%clk 0:42:02]} 23. Nd3
{[%clk 0:35:30]} Rxf1+ {[%clk 0:19:54]} 24. Rxf1 {[%clk 0:35:52]} Kh8 {[%clk
0:19:40]} 25. Rf7 {[%clk 0:26:28]} Nd6 {[%clk 0:17:02]} 26. Nxc5 {[%clk 0:23:52]}
bxc5 {[%clk 0:15:47]} 27. Rd7 {[%clk 0:24:14]} Nxb5 {[%clk 0:15:19]} 28. Rxb7
{[%clk 0:24:34]} cxd4 {[%clk 0:14:30]} 29. Rxb5 {[%clk 0:24:56]} dxc3 {[%clk
0:14:30]} 30. bxc3 {[%clk 0:25:18]} Rc8 {[%clk 0:14:26]} 31. Ra5 {[%clk 0:24:17]}
Rxc3 {[%clk 0:11:03]} 32. Rxa7 {[%clk 0:24:41]} d4 {[%clk 0:10:13]} 33. Kf2
{[%clk 0:20:11]} Rc2+ {[%clk 0:09:53]} 34. Kf3 {[%clk 0:20:20]} Rxh2 {[%clk
0:08:56]} 35. Ke4 {[%clk 0:19:16]} h5 {[%clk 0:08:44]} 36. a4 {[%clk 0:12:35]} h4
{[%clk 0:08:55]} 37. Rb7 {[%clk 0:06:35]} h3 {[%clk 0:06:52]} 38. a5 {[%clk
0:03:59]} Ra2 {[%clk 0:06:01]} 39. Rb3 {[%clk 0:03:14]} h2 {[%clk 0:06:28]} 40.
Rh3+ {[%clk 0:33:31]} Kg7 {[%clk 0:36:53]} 41. a6 {[%clk 0:30:51]} d3 {[%clk
0:34:17]} 42. Ke3 {[%clk 0:30:57]} d2 {[%clk 0:34:27]} 43. Ke2 {[%clk 0:31:22]}
d1Q+ {[%clk 0:34:49]} 0-1

[Event "European Club Cup"]
[Site "chess24.com"]
[Date "2018.10.18"]
[Round "7"]
[White "Van Twillert, Laurents"]
[Black "Budima, Armend"]
[Result "0-1"]
[Board "3"]
[WhiteElo "2117"]
[WhiteCountry "NED"]
[WhiteFideId "1009800"]
[WhiteEloChange "-8"]
[BlackElo "2202"]
[BlackCountry "KOS"]
[BlackFideId "3612236"]
[BlackEloChange "8"]

1. e4 {[%clk 1:30:58]} c5 {[%clk 1:30:50]} 2. Nf3 {[%clk 1:31:23]} d6 {[%clk
1:31:16]} 3. Bb5+ {[%clk 1:31:48]} Bd7 {[%clk 1:31:34]} 4. a4 {[%clk 1:32:10]}
Nf6 {[%clk 1:31:53]} 5. Qe2 {[%clk 1:32:34]} Nc6 {[%clk 1:31:10]} 6. O-O {[%clk
1:32:35]} e6 {[%clk 1:28:15]} 7. c3 {[%clk 1:29:50]} a6 {[%clk 1:27:43]} 8. Bxc6
{[%clk 1:27:05]} Bxc6 {[%clk 1:28:06]} 9. e5 {[%clk 1:27:23]} dxe5 {[%clk
1:25:03]} 10. Nxe5 {[%clk 1:27:39]} Qc7 {[%clk 1:19:48]} 11. Nxc6 {[%clk
1:27:18]} Qxc6 {[%clk 1:20:16]} 12. d3 {[%clk 1:18:17]} Bd6 {[%clk 1:15:23]} 13.
Bg5 {[%clk 1:17:28]} Qc7 {[%clk 1:06:31]} 14. g3 {[%clk 1:13:34]} Nd7 {[%clk
0:53:11]} 15. Nd2 {[%clk 1:08:32]} h6 {[%clk 0:50:23]} 16. Be3 {[%clk 1:08:52]}
O-O {[%clk 0:50:10]} 17. a5 {[%clk 1:03:29]} Rfe8 {[%clk 0:43:19]} 18. Ra4 {[%clk
1:00:48]} Qc6 {[%clk 0:35:56]} 19. Rfa1 {[%clk 0:59:56]} Rad8 {[%clk 0:34:15]}
20. Ne4 {[%clk 0:49:53]} Bf8 {[%clk 0:33:02]} 21. f4 {[%clk 0:33:18]} f5 {[%clk
0:29:20]} 22. Nf2 {[%clk 0:33:41]} e5 {[%clk 0:26:39]} 23. Qh5 {[%clk 0:31:40]}
Qe6 {[%clk 0:25:33]} 24. Re1 {[%clk 0:28:30]} exf4 {[%clk 0:24:02]} 25. Bd2
{[%clk 0:28:48]} Qf7 {[%clk 0:24:25]} 26. Qxf7+ {[%clk 0:28:09]} Kxf7 {[%clk
0:24:53]} 27. Rxf4 {[%clk 0:28:19]} Rxe1+ {[%clk 0:22:06]} 28. Bxe1 {[%clk
0:28:48]} Ke6 {[%clk 0:21:13]} 29. g4 {[%clk 0:29:01]} fxg4 {[%clk 0:21:12]} 30.
Nxg4 {[%clk 0:28:56]} Bd6 {[%clk 0:17:01]} 31. Re4+ {[%clk 0:28:35]} Kf7 {[%clk
0:17:19]} 32. Bf2 {[%clk 0:27:28]} h5 {[%clk 0:17:10]} 33. Ne3 {[%clk 0:27:17]}
Ne5 {[%clk 0:16:03]} 34. d4 {[%clk 0:23:48]} cxd4 {[%clk 0:16:28]} 35. cxd4
{[%clk 0:24:11]} Nc6 {[%clk 0:16:20]} 36. d5 {[%clk 0:02:23]} Ne7 {[%clk
0:12:08]} 37. Bh4 {[%clk 0:01:56]} Rd7 {[%clk 0:12:28]} 38. Bxe7 {[%clk 0:01:41]}
Bxe7 {[%clk 0:12:20]} 39. Rc4 {[%clk 0:01:02]} Bg5 {[%clk 0:11:24]} 40. Kf2
{[%clk 0:31:24]} Bxe3+ {[%clk 0:40:41]} 41. Kxe3 {[%clk 0:30:23]} Rxd5 {[%clk
0:41:05]} 42. Rc7+ {[%clk 0:30:32]} Kf6 {[%clk 0:41:27]} 43. Rxb7 {[%clk
0:30:43]} Rxa5 {[%clk 0:41:51]} 44. Kf3 {[%clk 0:26:30]} Rb5 {[%clk 0:39:48]} 45.
Ra7 {[%clk 0:26:18]} Rb3+ {[%clk 0:39:16]} 46. Ke4 {[%clk 0:26:32]} Rxb2 {[%clk
0:39:05]} 47. Rxa6+ {[%clk 0:26:58]} Kg5 {[%clk 0:39:28]} 48. h4+ {[%clk
0:24:36]} Kxh4 {[%clk 0:38:51]} 49. Rg6 {[%clk 0:24:55]} Rb4+ {[%clk 0:38:51]}
50. Kf3 {[%clk 0:25:05]} Rg4 {[%clk 0:39:14]} 51. Rxg4+ {[%clk 0:24:54]} hxg4+
{[%clk 0:39:38]} 52. Kg2 {[%clk 0:25:07]} g6 {[%clk 0:39:43]} 53. Kh2 {[%clk
0:25:11]} g3+ {[%clk 0:40:05]} 54. Kg2 {[%clk 0:24:19]} Kg4 {[%clk 0:40:28]} 55.
Kg1 {[%clk 0:24:29]} Kf3 {[%clk 0:40:49]} 56. Kf1 {[%clk 0:24:41]} g2+ {[%clk
0:41:12]} 57. Kg1 {[%clk 0:25:06]} g5 {[%clk 0:41:38]} 58. Kh2 {[%clk 0:25:17]}
Kf2 {[%clk 0:41:42]} 59. Kh3 {[%clk 0:25:43]} g1N+ {[%clk 0:42:05]} 0-1

[Event "European Club Cup"]
[Site "chess24.com"]
[Date "2018.10.18"]
[Round "7"]
[White "Zymberi, Astrit"]
[Black "Tsarouhas, Konstantinos"]
[Result "0-1"]
[Board "3"]
[WhiteElo "2115"]
[WhiteCountry "KOS"]
[WhiteFideId "4700295"]
[WhiteEloChange "-9"]
[BlackElo "2154"]
[BlackCountry "GRE"]
[BlackFideId "4201094"]
[BlackEloChange "9"]

1. d4 {[%clk 1:30:01]} Nf6 {[%clk 1:30:45]} 2. c4 {[%clk 1:30:27]} g6 {[%clk
1:30:58]} 3. f3 {[%clk 1:30:52]} c5 {[%clk 1:29:54]} 4. d5 {[%clk 1:31:12]} Bg7
{[%clk 1:30:17]} 5. e4 {[%clk 1:31:24]} d6 {[%clk 1:30:34]} 6. Ne2 {[%clk
1:31:43]} O-O {[%clk 1:30:16]} 7. Nec3 {[%clk 1:31:45]} e6 {[%clk 1:26:35]} 8.
Be2 {[%clk 1:31:13]} exd5 {[%clk 1:19:55]} 9. cxd5 {[%clk 1:30:43]} Nh5 {[%clk
1:18:22]} 10. Be3 {[%clk 1:28:41]} f5 {[%clk 1:14:38]} 11. f4 {[%clk 1:13:29]}
fxe4 {[%clk 0:58:44]} 12. Bxh5 {[%clk 1:10:23]} gxh5 {[%clk 0:53:47]} 13. Qxh5
{[%clk 0:56:52]} Nd7 {[%clk 0:53:03]} 14. h3 {[%clk 0:49:27]} Nb6 {[%clk
0:42:08]} 15. Nd2 {[%clk 0:43:44]} Rf5 {[%clk 0:41:50]} 16. Qe2 {[%clk 0:43:24]}
Qh4+ {[%clk 0:27:00]} 17. Bf2 {[%clk 0:42:15]} Qxf4 {[%clk 0:24:59]} 18. O-O
{[%clk 0:41:37]} Be5 {[%clk 0:24:45]} 19. g3 {[%clk 0:40:10]} Qh6 {[%clk
0:24:40]} 20. h4 {[%clk 0:33:37]} Rxf2 {[%clk 0:19:44]} 21. Kxf2 {[%clk 0:22:31]}
e3+ {[%clk 0:19:24]} 22. Kg2 {[%clk 0:22:40]} exd2 {[%clk 0:19:12]} 23. Ne4
{[%clk 0:19:55]} Qg6 {[%clk 0:14:52]} 24. Ng5 {[%clk 0:16:22]} h6 {[%clk
0:13:28]} 25. Qf3 {[%clk 0:15:14]} Bd7 {[%clk 0:13:58]} 26. Nf7 {[%clk 0:10:50]}
Bg4 {[%clk 0:11:08]} 27. Qxg4 {[%clk 0:10:37]} Qxg4 {[%clk 0:11:01]} 28. Nxh6+
{[%clk 0:11:02]} Kg7 {[%clk 0:11:17]} 29. Nxg4 {[%clk 0:11:29]} Bxb2 {[%clk
0:11:34]} 30. Rab1 {[%clk 0:08:35]} Bd4 {[%clk 0:09:10]} 31. Rfd1 {[%clk
0:07:47]} Bc3 {[%clk 0:09:03]} 32. Ne3 {[%clk 0:06:58]} Re8 {[%clk 0:08:00]} 33.
Kf3 {[%clk 0:06:27]} Kg6 {[%clk 0:07:52]} 34. g4 {[%clk 0:06:30]} c4 {[%clk
0:06:44]} 35. Nc2 {[%clk 0:04:16]} Re7 {[%clk 0:05:34]} 36. Rb5 {[%clk 0:04:08]}
Re1 {[%clk 0:04:29]} 37. Ne3 {[%clk 0:03:26]} Bd4 {[%clk 0:03:51]} 38. Rxd2
{[%clk 0:03:09]} Rxe3+ {[%clk 0:02:24]} 39. Kf4 {[%clk 0:03:28]} Rd3 {[%clk
0:01:37]} 40. Rxd3 {[%clk 0:31:50]} cxd3 {[%clk 0:32:01]} 41. Ke4 {[%clk
0:15:04]} d2 {[%clk 0:31:47]} 42. Rb1 {[%clk 0:13:24]} Bf2 {[%clk 0:26:07]} 43.
Kd3 {[%clk 0:08:24]} Be1 {[%clk 0:26:28]} 44. h5+ {[%clk 0:04:10]} Kg5 {[%clk
0:25:55]} 45. Ke2 {[%clk 0:02:44]} Nxd5 {[%clk 0:25:57]} 46. Rb3 {[%clk 0:03:01]}
Nc3+ {[%clk 0:26:20]} 0-1